[Event "15. Obert Int. Sant Martí 2013 - B"]
[Site "Barcelona ESP"]
[Date "2013.07.18"]
[Round "6.48"]
[White "Hernando Rodrigo, Lourdes"]
[Black "Kazmierczak, Ewa"]
[Result "1/2-1/2"]
[WhiteElo "1777"]
[BlackElo "1574"]
[PlyCount "158"]
[EventDate "2013.07.13"]
[EventType "swiss"]
[EventRounds "9"]
[EventCountry "ESP"]
[SourceTitle "Ajedrez en Madrid"]
[Source "lmi"]
[SourceDate "2013.07.13"]
[SourceVersion "1"]
[SourceVersionDate "2019.06.21"]
[SourceQuality "1"]

1. d4 d5 2. Nf3 Nf6 3. e3 e6 4. Bd3 c5 5. c3 Nc6 6. Nbd2 Bd6 7. O-O O-O 8. dxc5
Bxc5 9. e4 Qc7 10. Qe2 Bd6 11. Re1 Ng4 12. h3 Nge5 13. Nxe5 Nxe5 14. Bb1 Bd7
15. Nb3 a6 16. Nd4 Rfe8 17. Bf4 Ng6 18. Bxd6 Qxd6 19. e5 Qe7 20. Qh5 f5 21.
exf6 Qxf6 22. Re3 e5 23. Rf3 Qd6 24. Nf5 Qe6 25. Nh4 e4 26. Re3 Nxh4 27. Qxh4
Rf8 28. Bc2 Qf6 29. Qg3 Qf4 30. Bb3 Qxg3 31. Rxg3 Rf5 32. Re3 Kh8 33. Rd1 Bc6
34. c4 dxc4 35. Bxc4 Re8 36. Rde1 Ref8 37. R3e2 g6 38. Rc1 R5f6 39. Rec2 Rc8
40. Bd5 Rcf8 41. Bxc6 bxc6 42. Re2 Re8 43. Rc4 Rfe6 44. Re3 Rb8 45. b3 Rd8 46.
Rcxe4 Rxe4 47. Rxe4 Rd1+ 48. Kh2 Rd2 49. Ra4 Rxf2 50. Rxa6 Rc2 51. Ra4 Kg7 52.
Rc4 Rxa2 53. Rxc6 Rb2 54. Rc3 Kf6 55. Re3 Kf5 56. Kg3 h5 57. Rf3+ Ke4 58. b4
h4+ 59. Kxh4 Rxb4 60. Kg5 Rb2 61. Rg3 Rb6 62. Kh6 Kf5 63. Rg5+ Kf4 64. Rxg6 Rb8
65. Kh7 Rb7+ 66. Rg7 Rb5 67. Rg4+ Kf5 68. Rg7 Kf4 69. g3+ Kf5 70. g4+ Kf6 71.
h4 Rb4 72. h5 Rb5 73. h6 Re5 74. g5+ Kf5 75. g6 Kg5 76. Kh8 Kxh6 77. Rg8 Rg5
78. Rg7 Rxg6 79. Rxg6+ Kxg6 1/2-1/2

[Event "15. Obert Int. Sant Martí 2013 - B"]
[Site "Barcelona ESP"]
[Date "2013.07.18"]
[Round "6.49"]
[White "Poyato Duran, David"]
[Black "Pujal Moncho, Joaquim"]
[Result "1-0"]
[WhiteElo "1656"]
[BlackElo "1768"]
[PlyCount "115"]
[EventDate "2013.07.13"]
[EventType "swiss"]
[EventRounds "9"]
[EventCountry "ESP"]
[SourceTitle "Ajedrez en Madrid"]
[Source "lmi"]
[SourceDate "2013.07.13"]
[SourceVersion "1"]
[SourceVersionDate "2019.06.21"]
[SourceQuality "1"]

1. d4 d5 2. c4 c6 3. Nc3 e6 4. Nf3 Nf6 5. Bg5 h6 6. Bh4 Be7 7. e3 O-O 8. Bd3
Nbd7 9. O-O Qc7 10. Rc1 Bd6 11. Bg3 Bxg3 12. hxg3 dxc4 13. Bxc4 Nb6 14. Bd3
Nbd5 15. Bb1 Qe7 16. a3 Bd7 17. Qd3 g6 18. Ne5 Be8 19. Kh2 Kg7 20. Rh1 Nd7 21.
Ne4 Rd8 22. Kg1 N5f6 23. Nxd7 Bxd7 24. Nxf6 Qxf6 25. Rc5 Rh8 26. Re5 Bc8 27.
Re4 e5 28. dxe5 Qe7 29. Qf1 Bf5 30. Rb4 Bxb1 31. Qxb1 a5 32. Re4 Rd2 33. Rd4
Rd8 34. Rxd2 Rxd2 35. Qc1 Qd7 36. Qc3 Kh7 37. Qxa5 Rxb2 38. Rh4 Qd1+ 39. Kh2
Rxf2 40. Rf4 Rxf4 41. gxf4 Qd5 42. Qxd5 cxd5 43. Kg3 Kg7 44. Kf3 f6 45. e4 d4
46. exf6+ Kxf6 47. Ke2 g5 48. Kd3 gxf4 49. Kxd4 h5 50. e5+ Kf5 51. Kd5 h4 52.
e6 f3 53. gxf3 h3 54. e7 h2 55. e8=Q h1=Q 56. Qf7+ Kg5 57. Qg7+ Kf4 58. Qe5+
1-0

[Event "15. Obert Int. Sant Martí 2013 - B"]
[Site "Barcelona ESP"]
[Date "2013.07.18"]
[Round "6.51"]
[White "Boixader Arbo, Xavier"]
[Black "Torras Chicon, Adria"]
[Result "0-1"]
[WhiteElo "1546"]
[BlackElo "1753"]
[PlyCount "132"]
[EventDate "2013.07.13"]
[EventType "swiss"]
[EventRounds "9"]
[EventCountry "ESP"]
[SourceTitle "Ajedrez en Madrid"]
[Source "lmi"]
[SourceDate "2013.07.13"]
[SourceVersion "1"]
[SourceVersionDate "2019.06.21"]
[SourceQuality "1"]

1. e4 c5 2. c3 d5 3. exd5 Qxd5 4. d4 Nf6 5. Be3 Ng4 6. c4 Nxe3 7. fxe3 Qe4 8.
Qf3 Qxf3 9. Nxf3 g6 10. Nc3 Bg7 11. Rd1 Nc6 12. h3 O-O 13. a3 Rd8 14. Ne2 Bf5
15. Rd2 Be4 16. d5 Bxf3 17. gxf3 Ne5 18. Rc2 Nxf3+ 19. Kf2 Ne5 20. Nf4 Rd6 21.
Nd3 Nxd3+ 22. Bxd3 Rb6 23. Rb1 Rb3 24. Bf1 Rd8 25. Bg2 Rd6 26. Bf3 Rdb6 27. Ke2
Rxa3 28. bxa3 Rxb1 29. Ra2 Be5 30. Be4 Rg1 31. Kf2 Rc1 32. Bd3 Rc3 33. Ke2 Rc1
34. Kf2 Kg7 35. a4 Ra1 36. Rxa1 Bxa1 37. Kf3 Kf6 38. e4 Ke5 39. Ke3 Bb2 40. Bc2
Bc1+ 41. Kd3 Kf4 42. Bd1 Kg3 43. Bg4 h5 44. Bc8 g5 45. Ke2 Kf4 46. Kd3 g4 47.
hxg4 h4 48. g5 Kg3 49. e5 Bxg5 50. Bxb7 h3 51. d6 exd6 52. exd6 Kf2 53. Ke4 h2
54. Ke5 Kg1 55. Be4 h1=Q 56. Bxh1 Kxh1 57. Kd5 Kg2 58. Kxc5 f5 59. Kb5 f4 60.
c5 f3 61. c6 f2 62. c7 f1=Q+ 63. Kc6 Qf5 64. Kb7 Qd7 65. Kxa7 Bf4 66. Kb8 Bxd6
0-1

[Event "15. Obert Int. Sant Martí 2013 - B"]
[Site "Barcelona ESP"]
[Date "2013.07.18"]
[Round "6.52"]
[White "Alvarez Albiol, Victor"]
[Black "Romero Funieles, Rafael"]
[Result "1/2-1/2"]
[WhiteElo "1546"]
[BlackElo "1735"]
[PlyCount "89"]
[EventDate "2013.07.13"]
[EventType "swiss"]
[EventRounds "9"]
[EventCountry "ESP"]
[SourceTitle "Ajedrez en Madrid"]
[Source "lmi"]
[SourceDate "2013.07.13"]
[SourceVersion "1"]
[SourceVersionDate "2019.06.21"]
[SourceQuality "1"]

1. e4 e6 2. d4 h6 3. Nc3 c6 4. Bd3 d6 5. Nf3 Nd7 6. Bf4 a6 7. O-O d5 8. exd5
cxd5 9. Re1 Be7 10. Ne2 b5 11. Ng3 Ngf6 12. c3 Qb6 13. a3 Bb7 14. Bc2 a5 15. h3
g6 16. Re3 g5 17. Be5 Rg8 18. Bxf6 Nxf6 19. Ne5 Bd6 20. Qf3 Bxe5 21. Rxe5 Nd7
22. Re2 Rf8 23. Rae1 O-O-O 24. Qd3 Bc6 25. b3 Rh8 26. Nh5 Rdg8 27. Ng3 g4 28.
h4 Nf8 29. Qd2 h5 30. Rd1 Qc7 31. Ree1 Ng6 32. Bxg6 Rxg6 33. Ne2 g3 34. f3 Qe7
35. Nf4 Rgg8 36. Nh3 Qxh4 37. Qf4 Qe7 38. b4 a4 39. Re3 Rg6 40. Re2 Bd7 41.
Rde1 Re8 42. Qe5 f6 43. Qxd5 exd5 44. Rxe7 Rxe7 45. Rxe7 1/2-1/2

[Event "15. Obert Int. Sant Martí 2013 - B"]
[Site "Barcelona ESP"]
[Date "2013.07.18"]
[Round "6.54"]
[White "Gonzalez Jurado, Jesus"]
[Black "Custodio Criado, Jofre"]
[Result "1/2-1/2"]
[WhiteElo "1844"]
[BlackElo "1568"]
[PlyCount "78"]
[EventDate "2013.07.13"]
[EventType "swiss"]
[EventRounds "9"]
[EventCountry "ESP"]
[SourceTitle "Ajedrez en Madrid"]
[Source "lmi"]
[SourceDate "2013.07.13"]
[SourceVersion "1"]
[SourceVersionDate "2019.06.21"]
[SourceQuality "1"]

1. c4 e5 2. Nc3 Nf6 3. e4 c5 4. Nf3 Nc6 5. d3 d6 6. Be2 Be7 7. O-O O-O 8. h3
Nd4 9. Nh2 Nxe2+ 10. Qxe2 Be6 11. f4 exf4 12. Bxf4 Qd7 13. g4 h6 14. Nd5 Bxd5
15. cxd5 g5 16. Bg3 Kg7 17. b3 Rae8 18. Qb2 Kg6 19. Rf5 Ng8 20. Raf1 f6 21. Nf3
Bd8 22. h4 Ne7 23. e5 Nxf5 24. e6 Qe7 25. gxf5+ Kh7 26. h5 b5 27. Rc1 Bb6 28.
Kf1 Rc8 29. Qh2 Rfd8 30. Qe2 Rc7 31. Qh2 Ba5 32. Rc2 Kg7 33. Rc1 Rb7 34. Rc2
Bc7 35. Nd2 a5 36. Ne4 Ra7 37. Bf2 Ra6 38. Bg3 Ra7 39. Bf2 Ra6 1/2-1/2

[Event "15. Obert Int. Sant Martí 2013 - B"]
[Site "Barcelona ESP"]
[Date "2013.07.18"]
[Round "6.55"]
[White "Arribas Alvarez, Marti"]
[Black "Benet Saniger, Xavier"]
[Result "0-1"]
[WhiteElo "1531"]
[BlackElo "1797"]
[PlyCount "146"]
[EventDate "2013.07.13"]
[EventType "swiss"]
[EventRounds "9"]
[EventCountry "ESP"]
[SourceTitle "Ajedrez en Madrid"]
[Source "lmi"]
[SourceDate "2013.07.13"]
[SourceVersion "1"]
[SourceVersionDate "2019.06.21"]
[SourceQuality "1"]

1. d4 d5 2. e3 Nf6 3. Bd3 Bg4 4. f3 Bh5 5. Ne2 Bg6 6. Nf4 Bxd3 7. Qxd3 c6 8.
Nd2 Nbd7 9. b3 e6 10. c4 Bd6 11. Ne2 c5 12. Bb2 O-O 13. O-O Rc8 14. e4 dxe4 15.
Nxe4 Nxe4 16. Qxe4 cxd4 17. Bxd4 Qc7 18. h3 Nc5 19. Qg4 e5 20. Bc3 f5 21. Qg5
Nd3 22. Rad1 Bc5+ 23. Kh2 Rcd8 24. Rd2 Rd6 25. Rfd1 Rg6 26. Qh5 e4+ 27. f4 Be3
28. Rxd3 exd3 29. Be5 Qc6 30. Ng3 d2 31. Qe2 Bb6 32. Rxd2 Bc7 33. Rd5 Re6 34.
Qh5 Bxe5 35. fxe5 Qe8 36. Qd1 Rxe5 37. Rd7 Qb8 38. Qd4 h5 39. Rxb7 Qxb7 40.
Qxe5 Qf7 41. Qf4 g6 42. Qg5 Kh7 43. Ne2 Qf6 44. Qe3 Rf7 45. Nf4 Qd6 46. Kg1 Re7
47. Qf2 Qe5 48. Qf3 Qe3+ 49. Qxe3 Rxe3 50. Kf2 Rc3 51. Ke2 Rc2+ 52. Kd3 Rxa2
53. c5 Kg7 54. c6 Ra6 55. c7 Rc6 56. Nd5 Kf7 57. Kd4 Ke6 58. h4 Kd7 59. Ke5
Re6+ 60. Kd4 Re4+ 61. Kc5 Rxh4 62. b4 Re4 63. Nf6+ Kxc7 64. Nxe4 fxe4 65. Kd4
Kb6 66. Kxe4 Kb5 67. Kf4 Kxb4 68. Kg5 a5 69. Kxg6 a4 70. Kxh5 a3 71. g4 a2 72.
g5 a1=Q 73. g6 Qg7 0-1

[Event "15. Obert Int. Sant Martí 2013 - B"]
[Site "Barcelona ESP"]
[Date "2013.07.18"]
[Round "6.56"]
[White "Martinez Torras, Pol"]
[Black "Alquezar Calpena, Marc"]
[Result "0-1"]
[WhiteElo "1530"]
[BlackElo "1775"]
[PlyCount "40"]
[EventDate "2013.07.13"]
[EventType "swiss"]
[EventRounds "9"]
[EventCountry "ESP"]
[SourceTitle "Ajedrez en Madrid"]
[Source "lmi"]
[SourceDate "2013.07.13"]
[SourceVersion "1"]
[SourceVersionDate "2019.06.21"]
[SourceQuality "1"]

1. d4 Nf6 2. c4 e6 3. Nc3 d5 4. e3 c6 5. Nf3 Bd6 6. Qc2 O-O 7. c5 Bc7 8. Bd3 h6
9. O-O Nbd7 10. a3 e5 11. dxe5 Nxe5 12. Nxe5 Bxe5 13. Bd2 Bxh2+ 14. Kxh2 Ng4+
15. Kg1 Qh4 16. Rfd1 Qxf2+ 17. Kh1 Qh4+ 18. Kg1 Qh2+ 19. Kf1 Qh1+ 20. Ke2 Qxg2+
0-1

[Event "15. Obert Int. Sant Martí 2013 - B"]
[Site "Barcelona ESP"]
[Date "2013.07.18"]
[Round "6.57"]
[White "Sequera Morales, Genesis G."]
[Black "Harutian, Arthur William"]
[Result "1-0"]
[WhiteElo "1726"]
[BlackElo "1517"]
[PlyCount "33"]
[EventDate "2013.07.13"]
[EventType "swiss"]
[EventRounds "9"]
[EventCountry "ESP"]
[SourceTitle "Ajedrez en Madrid"]
[Source "lmi"]
[SourceDate "2013.07.13"]
[SourceVersion "1"]
[SourceVersionDate "2019.06.21"]
[SourceQuality "1"]

1. e4 e5 2. Nc3 Nf6 3. f4 Bb4 4. fxe5 Bxc3 5. dxc3 Nxe4 6. Qg4 d5 7. Qxg7 Qh4+
8. g3 Nxg3 9. Qxh8+ Kd7 10. hxg3 Qxh1 11. Ne2 Qe4 12. Bh3+ Kc6 13. Qxc8 Qxe5
14. Qg4 Na6 15. Qa4+ Kb6 16. Bf4 Qe7 17. Bd7 1-0

[Event "15. Obert Int. Sant Martí 2013 - B"]
[Site "Barcelona ESP"]
[Date "2013.07.18"]
[Round "6.58"]
[White "Sanchez Paz, Josep"]
[Black "Riu Lopez, Sergi"]
[Result "0-1"]
[WhiteElo "1710"]
[BlackElo "1503"]
[PlyCount "100"]
[EventDate "2013.07.13"]
[EventType "swiss"]
[EventRounds "9"]
[EventCountry "ESP"]
[SourceTitle "Ajedrez en Madrid"]
[Source "lmi"]
[SourceDate "2013.07.13"]
[SourceVersion "1"]
[SourceVersionDate "2019.06.21"]
[SourceQuality "1"]

1. d4 d5 2. c4 e6 3. Nc3 Nf6 4. Bg5 Nbd7 5. Nf3 c6 6. e3 Be7 7. Bd3 O-O 8. O-O
h6 9. Bf4 Re8 10. c5 Nh7 11. Qc2 Ng5 12. Bg3 Nxf3+ 13. gxf3 Bh4 14. e4 Bxg3 15.
fxg3 e5 16. exd5 cxd5 17. dxe5 Nxe5 18. Bb5 Rf8 19. Rad1 Be6 20. Qe2 Ng6 21. f4
Qc8 22. b4 Bg4 23. Qd3 Bxd1 24. Rxd1 d4 25. Ne4 b6 26. Nd6 Qc7 27. Nxf7 bxc5
28. Qxg6 Qxf7 29. Qd3 Kh8 30. Bc4 Qc7 31. bxc5 Qxc5 32. Qxd4 Qxd4+ 33. Rxd4
Rfd8 34. Re4 Rd1+ 35. Kg2 Rad8 36. Bb3 R8d2+ 37. Kh3 Rh1 38. Kg4 Rd8 39. h4 Rg1
40. Re7 a6 41. Ra7 h5+ 42. Kxh5 Rxg3 43. Rxa6 Rf8 44. Ra5 Kh7 45. Bc2+ g6+ 46.
Bxg6+ Rxg6 47. Ra7+ Rg7 48. Rxg7+ Kxg7 49. Kg5 Ra8 50. f5 Rxa2 0-1

[Event "15. Obert Int. Sant Martí 2013 - B"]
[Site "Barcelona ESP"]
[Date "2013.07.18"]
[Round "6.59"]
[White "Olleta Tanya, Jordi"]
[Black "Domenche Redondo, Francesc"]
[Result "1/2-1/2"]
[WhiteElo "1527"]
[BlackElo "1710"]
[PlyCount "58"]
[EventDate "2013.07.13"]
[EventType "swiss"]
[EventRounds "9"]
[EventCountry "ESP"]
[SourceTitle "Ajedrez en Madrid"]
[Source "lmi"]
[SourceDate "2013.07.13"]
[SourceVersion "1"]
[SourceVersionDate "2019.06.21"]
[SourceQuality "1"]

1. Nf3 Nf6 2. g3 d5 3. Bg2 Bf5 4. O-O h6 5. e3 Nbd7 6. Nc3 c6 7. d4 e6 8. Ne2
Bd6 9. Nh4 Be4 10. Bxe4 Nxe4 11. f3 Nef6 12. Qd3 c5 13. c4 Qb6 14. cxd5 Nxd5
15. a3 cxd4 16. exd4 Rc8 17. Kh1 Qc6 18. Ng2 Qc4 19. Qxc4 Rxc4 20. Rd1 O-O 21.
b3 Rc2 22. Rd2 Rfc8 23. Rxc2 Rxc2 24. Ngf4 N7f6 25. Nd3 Nd7 26. b4 b6 27. f4 f6
28. Rb1 Kf7 29. Ne1 Rc4 1/2-1/2

[Event "15. Obert Int. Sant Martí 2013 - B"]
[Site "Barcelona ESP"]
[Date "2013.07.18"]
[Round "6.60"]
[White "Muratet Carmona, Alexandra"]
[Black "Pascual Duran, Pau"]
[Result "1-0"]
[WhiteElo "1705"]
[BlackElo "1473"]
[PlyCount "65"]
[EventDate "2013.07.13"]
[EventType "swiss"]
[EventRounds "9"]
[EventCountry "ESP"]
[SourceTitle "Ajedrez en Madrid"]
[Source "lmi"]
[SourceDate "2013.07.13"]
[SourceVersion "1"]
[SourceVersionDate "2019.06.21"]
[SourceQuality "1"]

1. e4 e5 2. Nf3 Nc6 3. Nc3 Bc5 4. Bc4 Nf6 5. d3 d6 6. h3 h6 7. Be3 Bxe3 8. fxe3
O-O 9. d4 Re8 10. Bd3 Bd7 11. a3 Nh5 12. g4 exd4 13. Ne2 Nf6 14. exd4 Nxe4 15.
Bxe4 Rxe4 16. O-O Qe7 17. Ng3 Re3 18. Qd2 Re8 19. d5 Nd8 20. Qf2 Bb5 21. Nf5
Re2 22. Nxe7+ R8xe7 23. Qh4 g6 24. Qxh6 Rxc2 25. Ng5 f6 26. Qxg6+ Rg7 27. Qxc2
Bxf1 28. Rxf1 Rxg5 29. Qxc7 Nf7 30. Rxf6 Ne5 31. Qd8+ Kh7 32. Qxd6 b5 33. Rh6+
1-0

[Event "15. Obert Int. Sant Martí 2013 - B"]
[Site "Barcelona ESP"]
[Date "2013.07.18"]
[Round "6.61"]
[White "Martin Palau, Roger"]
[Black "Sanchez Viana, Jordi"]
[Result "1-0"]
[WhiteElo "1492"]
[BlackElo "1626"]
[PlyCount "61"]
[EventDate "2013.07.13"]
[EventType "swiss"]
[EventRounds "9"]
[EventCountry "ESP"]
[SourceTitle "Ajedrez en Madrid"]
[Source "lmi"]
[SourceDate "2013.07.13"]
[SourceVersion "1"]
[SourceVersionDate "2019.06.21"]
[SourceQuality "1"]

1. Nf3 Nf6 2. c4 d6 3. d4 g6 4. Nc3 Bg7 5. e4 O-O 6. Be2 b6 7. O-O Bb7 8. d5
Na6 9. Be3 Ng4 10. Bd4 Ne5 11. Ne1 f6 12. f4 Nf7 13. Bg4 c6 14. Be6 cxd5 15.
exd5 Nc7 16. Bh3 Nh6 17. Nb5 Nxb5 18. Be6+ Kh8 19. cxb5 Bc8 20. Qe2 Bxe6 21.
Qxe6 Nf5 22. Nf3 Rc8 23. g4 Nxd4 24. Nxd4 f5 25. Nc6 Rxc6 26. bxc6 Bd4+ 27. Kh1
fxg4 28. Rae1 Re8 29. f5 g5 30. f6 Bxf6 31. Rxf6 1-0

[Event "15. Obert Int. Sant Martí 2013 - B"]
[Site "Barcelona ESP"]
[Date "2013.07.18"]
[Round "6.62"]
[White "Santolaria Sanz, Xavier"]
[Black "Freixa Rofastes, Ernest"]
[Result "1-0"]
[WhiteElo "1624"]
[BlackElo "1455"]
[PlyCount "81"]
[EventDate "2013.07.13"]
[EventType "swiss"]
[EventRounds "9"]
[EventCountry "ESP"]
[SourceTitle "Ajedrez en Madrid"]
[Source "lmi"]
[SourceDate "2013.07.13"]
[SourceVersion "1"]
[SourceVersionDate "2019.06.21"]
[SourceQuality "1"]

1. e4 e5 2. Nf3 Nc6 3. Bc4 Be7 4. O-O Nf6 5. Re1 a6 6. c3 b5 7. Bd5 Bb7 8. d4
exd4 9. Nxd4 Nxd5 10. Nxc6 Bxc6 11. exd5 Bb7 12. d6 cxd6 13. Qxd6 h6 14. Qg3
Kf8 15. Bf4 Bh4 16. Bd6+ Kg8 17. Qd3 Qf6 18. g3 Qg5 19. Kf1 Qg4 20. gxh4 Bg2+
21. Kg1 Bf3+ 22. Bg3 f5 23. Nd2 Bc6 24. f3 Qg6 25. Re5 Rf8 26. f4 Kh7 27. Rae1
Rf6 28. Nf1 Rhf8 29. Ne3 d6 30. Re7 h5 31. Nd5 R6f7 32. R7e6 Rf6 33. Nxf6+ Rxf6
34. Qxd6 Be4 35. Rxf6 gxf6 36. Qe7+ Kh6 37. Qf8+ Kh7 38. Rd1 Bc6 39. Rd8 Qg7
40. Qxg7+ Kxg7 41. Rd6 1-0

[Event "15. Obert Int. Sant Martí 2013 - B"]
[Site "Barcelona ESP"]
[Date "2013.07.18"]
[Round "6.63"]
[White "Rodriguez Monago, Juan Antonio"]
[Black "Fernandez Benito, Carlos Pablo"]
[Result "1/2-1/2"]
[WhiteElo "1445"]
[BlackElo "1624"]
[PlyCount "49"]
[EventDate "2013.07.13"]
[EventType "swiss"]
[EventRounds "9"]
[EventCountry "ESP"]
[SourceTitle "Ajedrez en Madrid"]
[Source "lmi"]
[SourceDate "2013.07.13"]
[SourceVersion "1"]
[SourceVersionDate "2019.06.21"]
[SourceQuality "1"]

1. d4 d5 2. c4 c6 3. e3 Bf5 4. Nc3 Nf6 5. Bd3 Bg4 6. Nf3 e6 7. Qc2 dxc4 8. Bxc4
Bf5 9. Bd3 Bxd3 10. Qxd3 Be7 11. O-O Nbd7 12. a3 O-O 13. b4 a5 14. b5 Nc5 15.
Qc4 cxb5 16. Qxb5 Nce4 17. Nxe4 Nxe4 18. Qxb7 Nd6 19. Qb3 Bf6 20. a4 Qc7 21.
Ba3 Rfb8 22. Qd3 Qd8 23. Rfb1 Rc8 24. Rc1 Rab8 25. Rab1 1/2-1/2

[Event "15. Obert Int. Sant Martí 2013 - B"]
[Site "Barcelona ESP"]
[Date "2013.07.18"]
[Round "6.64"]
[White "Catala Morales, Joaquim"]
[Black "Ferre Navarro, Joan"]
[Result "0-1"]
[WhiteElo "1413"]
[BlackElo "1609"]
[PlyCount "70"]
[EventDate "2013.07.13"]
[EventType "swiss"]
[EventRounds "9"]
[EventCountry "ESP"]
[SourceTitle "Ajedrez en Madrid"]
[Source "lmi"]
[SourceDate "2013.07.13"]
[SourceVersion "1"]
[SourceVersionDate "2019.06.21"]
[SourceQuality "1"]

1. e4 e5 2. Nf3 Nc6 3. Bb5 d6 4. c3 a6 5. Ba4 b5 6. Bb3 Be7 7. d4 Nf6 8. d5 Na5
9. Bc2 O-O 10. O-O Bd7 11. Be3 c6 12. Bg5 Nb7 13. Qd3 Nc5 14. Qe3 h6 15. Bxf6
Bxf6 16. dxc6 Bxc6 17. Rd1 Qc7 18. Nbd2 Be7 19. b4 Ne6 20. c4 Rad8 21. Bb3 Qb7
22. cxb5 Bxb5 23. Bxe6 fxe6 24. a3 Bf6 25. Rac1 Rc8 26. Qb3 Qd7 27. Nc4 Ba4 28.
Qc3 Bxd1 29. Rxd1 Qc7 30. Nfd2 d5 31. Qh3 dxc4 32. Qxe6+ Kh8 33. Qxa6 c3 34.
Nb3 c2 35. Re1 Qc3 0-1

[Event "15. Obert Int. Sant Martí 2013 - B"]
[Site "Barcelona ESP"]
[Date "2013.07.18"]
[Round "6.65"]
[White "Febrero Perez, Lluis"]
[Black "Mir Bellmunt, Jose"]
[Result "1-0"]
[WhiteElo "1604"]
[BlackElo "1442"]
[PlyCount "141"]
[EventDate "2013.07.13"]
[EventType "swiss"]
[EventRounds "9"]
[EventCountry "ESP"]
[SourceTitle "Ajedrez en Madrid"]
[Source "lmi"]
[SourceDate "2013.07.13"]
[SourceVersion "1"]
[SourceVersionDate "2019.06.21"]
[SourceQuality "1"]

1. e4 d5 2. exd5 Qxd5 3. Nc3 Qa5 4. Nf3 Bf5 5. d3 c6 6. Bd2 Qc7 7. g3 Nf6 8.
Bg2 Nbd7 9. Bf4 e5 10. Qe2 Bd6 11. d4 e4 12. Bxd6 Qxd6 13. Nh4 Bg6 14. Nxg6
hxg6 15. Nxe4 Nxe4 16. Qxe4+ Qe6 17. O-O-O O-O-O 18. Qxe6 fxe6 19. h4 Nf6 20.
Bh3 Rd6 21. Rhe1 Re8 22. Re5 Nd7 23. Rg5 Nf8 24. c4 b6 25. c5 bxc5 26. Rxc5 Kb7
27. Bg2 Kb6 28. Rd3 Nd7 29. Rb3+ Kc7 30. Ra5 Ra8 31. Rc3 Nb6 32. Rac5 Nd5 33.
Ra3 Kb6 34. Bf1 Ne7 35. Rb3+ Kc7 36. Rf3 Nf5 37. Bg2 Rxd4 38. Rfc3 Ne7 39. Bxc6
Nxc6 40. Rxc6+ Kb7 41. Rxe6 Rad8 42. f3 R8d6 43. Rxd6 Rxd6 44. Kc2 Kb6 45. Rd3
Rc6+ 46. Kd2 a5 47. Ke3 Re6+ 48. Kf4 Re2 49. Rb3+ Kc5 50. a4 Rg2 51. Rb5+ Kc4
52. Rxa5 Rxb2 53. Rg5 Rb6 54. Rg4 Kd5 55. Kg5 Ra6 56. Rb4 Kc6 57. a5 Kc5 58.
Rb6 Rxa5 59. Rxg6 Ra7 60. Kh5 Kd4 61. f4 Ke4 62. f5 Kxf5 63. g4+ Kf4 64. Rg5
Rc7 65. Rf5+ Ke4 66. Kg6 Ra7 67. h5 Rd7 68. Rf7 Rd1 69. Kxg7 Rg1 70. Rf6 Rxg4+
71. Rg6 1-0

[Event "15. Obert Int. Sant Martí 2013 - B"]
[Site "Barcelona ESP"]
[Date "2013.07.18"]
[Round "6.66"]
[White "Lopez Pujol, Hector"]
[Black "Negreira Rodriguez, Daniel"]
[Result "1-0"]
[WhiteElo "1885"]
[BlackElo "1600"]
[PlyCount "59"]
[EventDate "2013.07.13"]
[EventType "swiss"]
[EventRounds "9"]
[EventCountry "ESP"]
[SourceTitle "Ajedrez en Madrid"]
[Source "lmi"]
[SourceDate "2013.07.13"]
[SourceVersion "1"]
[SourceVersionDate "2019.06.21"]
[SourceQuality "1"]

1. d4 d5 2. Nf3 Bf5 3. e3 Nf6 4. c4 e6 5. Qb3 b6 6. cxd5 exd5 7. Nc3 Be7 8. h3
h6 9. Ne5 O-O 10. Bb5 Be6 11. O-O c5 12. f4 Qc8 13. f5 Bxf5 14. Nxd5 Nxd5 15.
Qxd5 Na6 16. Bxa6 Qxa6 17. Rxf5 Rad8 18. Qe4 Qe2 19. Nc6 Rde8 20. Nxe7+ Kh8 21.
Rxf7 cxd4 22. Rxf8+ Rxf8 23. Ng6+ Kg8 24. Qe6+ Rf7 25. Qe8+ Kh7 26. Qxf7 Qd1+
27. Qf1 Qc2 28. Nf4 dxe3 29. Qd3+ Qxd3 30. Nxd3 1-0

[Event "15. Obert Int. Sant Martí 2013 - B"]
[Site "Barcelona ESP"]
[Date "2013.07.18"]
[Round "6.69"]
[White "Ylla Soro, Rafael"]
[Black "Vargas Ramirez, Ana Maria"]
[Result "0-1"]
[WhiteElo "1596"]
[BlackElo "1836"]
[PlyCount "78"]
[EventDate "2013.07.13"]
[EventType "swiss"]
[EventRounds "9"]
[EventCountry "ESP"]
[SourceTitle "Ajedrez en Madrid"]
[Source "lmi"]
[SourceDate "2013.07.13"]
[SourceVersion "1"]
[SourceVersionDate "2019.06.21"]
[SourceQuality "1"]

1. e4 c5 2. Nc3 Nc6 3. g3 d6 4. Bg2 Nf6 5. Nge2 g6 6. O-O Bg7 7. d3 O-O 8. h3
Bd7 9. Bg5 Qc8 10. Kh2 Re8 11. Ng1 Rb8 12. Qc1 b5 13. Nce2 b4 14. Bh6 Bh8 15.
f4 Qc7 16. f5 Nd4 17. fxg6 hxg6 18. Nxd4 cxd4 19. Rf2 Qc5 20. Qf4 Be6 21. b3
Nh5 22. Qf3 Be5 23. Bf4 Rec8 24. Bxe5 Qxe5 25. Rc1 Rb6 26. Ne2 Ra6 27. Nf4 Rxa2
28. Nxh5 Qxh5 29. Qxh5 gxh5 30. Bf3 Bxb3 31. Bxh5 Be6 32. Bd1 b3 33. g4 b2 34.
Rb1 Rb8 35. c4 dxc3 36. Bc2 Ra1 37. Rbf1 a5 38. g5 Rxf1 39. Rxf1 a4 0-1

[Event "15. Obert Int. Sant Martí 2013 - B"]
[Site "Barcelona ESP"]
[Date "2013.07.18"]
[Round "6.70"]
[White "Tahay, Romain"]
[Black "Cuxart Taltavull, Albert"]
[Result "1-0"]
[WhiteElo "1553"]
[BlackElo "1741"]
[PlyCount "65"]
[EventDate "2013.07.13"]
[EventType "swiss"]
[EventRounds "9"]
[EventCountry "ESP"]
[SourceTitle "Ajedrez en Madrid"]
[Source "lmi"]
[SourceDate "2013.07.13"]
[SourceVersion "1"]
[SourceVersionDate "2019.06.21"]
[SourceQuality "1"]

1. d4 d5 2. c4 c6 3. Nf3 Nf6 4. Nc3 Bf5 5. cxd5 cxd5 6. Qb3 Bc8 7. Bf4 a6 8. e3
Nc6 9. Rc1 g6 10. Bd3 Bg7 11. Ne5 O-O 12. O-O e6 13. Nxc6 bxc6 14. Na4 Nh5 15.
Bg3 Nxg3 16. hxg3 Bd7 17. Nc5 a5 18. Nxd7 Qxd7 19. Qa4 Rfb8 20. b3 Rc8 21. Rc5
Bf8 22. Rxa5 Rxa5 23. Qxa5 Rb8 24. Qc3 Bb4 25. Qc2 Rb6 26. a4 Qb7 27. Ra1 Bf8
28. a5 Rxb3 29. a6 Qb4 30. a7 Rc3 31. Qa4 Rc1+ 32. Bf1 Rxa1 33. Qxa1 1-0